000 00693nam a2200193Ia 4500
003 GCL
008 140319s9999 xx 000 0 ara d
040 _aGCL /
_cGCL
082 0 4 _a219.1
_bا ح
100 1 _aابن تيمية : تقى الدين ابوالعباس احمد بن عبدالحليم
245 1 0 _aحجاب المرأة المسلمة و لباسها فى الصلاة /
_cابن تيمية : تقى الدين ابوالعباس احمد بن عبدالحليم
260 _a[S.N] :
_bمكتبة المعارف
300 _a36 ص
490 _a
650 0 4 _aالاسلام
650 0 4 _aالصلاة
650 0 4 _aالشريعة الاسلامية
942 _2ddc
_cBK
999 _c52962
_d52962